Beyond the crises (Record no. 12868)
[ view plain ]
| 000 -LEADER | |
|---|---|
| fixed length control field | 00259 a2200121 4500 |
| 245 ## - TITLE STATEMENT | |
| Title | Beyond the crises |
| Medium | Text |
| 020 ## - INTERNATIONAL STANDARD BOOK NUMBER | |
| International Standard Book Number | 9780797467613 |
| 100 ## - MAIN ENTRY--PERSONAL NAME | |
| Personal name | Tendai Murisa |
| 100 ## - MAIN ENTRY--PERSONAL NAME | |
| Personal name | Tendai Chikwete |
| 650 ## - SUBJECT ADDED ENTRY--TOPICAL TERM | |
| Topical term or geographic name entry element | Development |
| 260 ## - PUBLICATION, DISTRIBUTION, ETC. | |
| Date of publication, distribution, etc. | 2015 |
| 084 ## - | |
| -- | NONE |
No items available.